| 000 | 00631nam a2200229 a 4500 | ||
|---|---|---|---|
| 001 | BRCA_8200 | ||
| 005 | 20190320210155.0 | ||
| 008 | 140514s1947----nyu####g##---#001-0#eng-# | ||
| 041 | _aeng | ||
| 044 | _anyu | ||
| 050 | 4 |
_aPG3456 _b.Ch4 _c1947 |
|
| 245 | 1 | 0 |
_aThe portable Chekhov _cEdited and with a introduction by Avrahm Yarmolinski. |
| 260 |
_aNueva York _bViking _c1947 |
||
| 300 |
_a631 p. _c17 cm. |
||
| 500 | _aU64 | ||
| 600 | 1 | 4 |
_aChekhov, Anton Pavlovich _d1860-1904 _920435 |
| 650 | 1 | 4 |
_aBiografĂas _914439 |
| 650 | 1 | 4 |
_aNovela _916668 |
| 700 | 1 |
_aYarmolinski, Avrahm _eed. _920436 |
|
| 902 | _aGFM | ||
| 942 |
_2lcc _cB |
||
| 999 |
_c7868 _d7868 |
||